Codificación del Derecho Civil e interpretación de las leyes: las normas sobre interpretación de las leyes en los principales códigos civiles europeo occidentales y americanos emitidas hasta fines del siglo XIX

保存先:
書誌詳細
第一著者: Guzmán Brito, Alejandro Ángel (autor)
フォーマット: 図書
言語:スペイン語
出版事項: Madrid Iustel 2011
版:1a. ed
主題:
タグ: タグ追加
タグなし, このレコードへの初めてのタグを付けませんか!

MARC

LEADER 00000nam a2200000 a 4500
001 UCG6937
003 CL-VaPUC
008 110602e20110000SP |||||||||||||||||spa|d
020 |a 9788498901436 
082 0 4 |a 346.83  |b GUZ  |2 21 
100 |a Guzmán Brito, Alejandro Ángel  |e autor  |9 388 
245 1 0 |a Codificación del Derecho Civil e interpretación de las leyes: las normas sobre interpretación de las leyes en los principales códigos civiles europeo occidentales y americanos emitidas hasta fines del siglo XIX 
250 |a 1a. ed 
300 |a 575 p 
942 |c BK 
945 |d 20110602 00:00:00  |a dcastane 
260 |a Madrid  |b Iustel  |c 2011 
650 0 |a Código civil chileno  |9 255931 
650 0 |a Jurisprudencia  |9 255952 
650 0 |a Fuentes del derecho   |9 255162 
650 0 |a Derecho civil  |9 255013 
650 0 |a Historia del derecho  |9 255109 
583 |a last modification  |c 20150415 09:52:32  |k Rodrigo Vera 
999 |c 345044  |d 345042 
952 |0 0  |1 0  |2 ddc  |4 0  |6 346_830000000000000_GUZ_2011  |7 1  |8 C_LRYV  |9 443462  |a FDOBRV  |b BIBDER  |d 2019-11-22  |i 478054K  |o 346.83 GUZ 2011  |p 478054K  |r 2023-01-25  |w 2019-11-22  |y BK_X  |k BRV 
952 |0 0  |1 0  |4 0  |6 346_830000000000000_GUZ_2011  |7 0  |8 A  |9 443463  |a BIBDER  |b BIBDER  |d 2019-11-22  |i 4780558  |l 4  |m 3  |o 346.83 GUZ 2011  |p 4780558  |q 2025-05-16  |r 2025-04-17  |s 2025-04-17  |w 2019-11-22  |y BK  |k DER